000 00405 a2200169 4500
001 184912
020 _a85-04-00630-1
040 _cMagnum
100 _aPinto, Luiz Gonzaga de Oliveira
240 1 0 _aA nudez do Grão-Duque
_lpor
245 1 0 _aA nudez do Grão-Duque
300 _a47
362 0 _a2002
440 1 _aCompanhia Editora Nacional
697 _aLITERATURA INFANTO-JUVENIL
942 _cBK
999 _c184912
_d184912